| 000 | 00618nam a22001937a 4500 | ||
|---|---|---|---|
| 999 |
_c20723 _d20723 |
||
| 003 | AR-CdUCM | ||
| 008 | 190604b ||||| |||| 00| 0 spa d | ||
| 040 |
_aMUNICIPALIDAD PROVINCIAL DEL CUSCO _cBIBLIOTECA MUNICIPAL DEL CUSCO |
||
| 082 |
_a869.75 _bR77 |
||
| 100 |
_aRojas, Manuel _9473 |
||
| 245 |
_aHombres del sur : _bCuentos / |
||
| 260 |
_aSantiago de Chile : _bEd. Nascimiento, _c1926. |
||
| 300 |
_a219 páginas; _c19 cm. |
||
| 505 | _aContenido: Laguna -- Un espíritu inquieto -- El cachorro... | ||
| 650 |
_aCuentos chilenos _912280 |
||
| 650 |
_aSiglo XX _98 |
||
| 942 |
_2ddc _cLIBROS |
||
| 945 | _aJavier | ||